| 000 | 01019 a2200217 4500 | ||
|---|---|---|---|
| 999 |
_c6463 _d6463 |
||
| 020 | _a1560222921 (hc : alk. paper) | ||
| 020 | _a156022293X (pbk. : alk. paper) | ||
| 050 | 0 | 0 | _aQK 51 PAL 2006 |
| 100 | 1 | _aPalaniswamy, Usha R. | |
| 245 | 1 | 0 |
_aHandbook of statistics for teaching and research in plant and crop science / _cUsha Rani Palaniswamy, Kodiveri Muniyappa Palaniswamy. |
| 264 |
_aIndia: _bInternational Book Distributing Company, _c2006. |
||
| 300 |
_axxiv, 624 p. : _bill. ; |
||
| 500 | _aIncludes an index. | ||
| 504 | _aIncludes bibliographical references. | ||
| 650 | 0 |
_aBotany _xResearch _xStatistical methods |
|
| 650 | 0 |
_aCrop science _xResearch _xStatistical methods |
|
| 700 | 1 | _aPalaniswamy, Kodiveri Muniyappa. | |
| 856 | 4 | 1 |
_3Table of contents _uhttp://www.loc.gov/catdir/toc/ecip053/2004026105.html |
| 942 |
_2lcc _cBK _h51 _iPAL _kQK |
||